Bugár: Univerzitu schválila už koalícia

Bibliographic Details
Main Author: Szmrecsányi, Tomáš (Author)
Format: Article
Language:Slovak
ISSN:1335-440X
Subjects:

MARC

LEADER 00000nab a2200000 a 4500
001 vtls000847084
003 SK-MaSNL
005 20260304032240.0
008 160405c2003 xo 0 slo
015 |a SNBRB2003/10-26676 
035 |a CLN000198739 
040 |a SNKBUCL  |b slo  |c SNKBUCL  |e AACR2 
041 0 |a slo 
044 |a xo  |c SK 
080 |a 329(437.6):378.4(437.6)(=511.141):340.13  |2 1997 
080 |a 378.4(437.6)(=511.141)  |2 1997 
100 1 |a Szmrecsányi, Tomáš  |4 aut  |9 614590 
245 1 0 |a Bugár: Univerzitu schválila už koalícia  |c Tomáš Szmrecsányi 
610 2 7 |a Univerzita J. Selyeho  |2 snkbucl  |9 178415 
655 7 |a články z novín a časopisov  |2 snkbucl  |9 267496 
773 0 |x 1335-440X  |t Sme  |g Roč. 11, č. 184 (11.8.2003), s. 2 
850 |a Slovenská národná knižnica v Martine 
852 |a SNK  |b KIS3GCP 
958 |a SK 
958 |a HU 
958 |a RBX 
999 |c 2642016  |d 2643946